00470nam a2200193Ia 4500008004100000020001800041050001400059100002300073245001800096245003800114245002300152260001500175260001600190260000900206300001600215300002700231300001000258500000800268170918s9999 xx 000 0 und d a9780545271615 bB828 2009 aBreathed, Berkeley aFlawed dogs : bthe shoking raid on Westminster / cBerkeley Breathed. aNew York : bScholastic, c2009 a216 pages : bcolored illustration ; c19cm. a920